Marcas comerciales y nombres de dominio. Sistema resolutivo de conflictos de NIC Chile
Kaydedildi:
| Yazar: | |
|---|---|
| Materyal Türü: | Kitap |
| Dil: | İspanyolca |
| Baskı/Yayın Bilgisi: |
Santiago
Librotecnia
2007
|
| Edisyon: | 1a. ed |
| Konular: | |
| Etiketler: |
Etiketle
Etiket eklenmemiş, İlk siz ekleyin!
|
MARC
| LEADER | 00000nam a2200000 a 4500 | ||
|---|---|---|---|
| 001 | UCI3617 | ||
| 003 | CL-VaPUC | ||
| 008 | 071123e20070000CL |||||||||||||||||spa|d | ||
| 020 | |a 9789567950607 | ||
| 082 | 0 | 4 | |a 343.0999 |b MOR |2 21 |
| 100 | |a Moretti Oyarzún, Rodrigo |e autor |9 525019 | ||
| 245 | 1 | 0 | |a Marcas comerciales y nombres de dominio. Sistema resolutivo de conflictos de NIC Chile |
| 250 | |a 1a. ed | ||
| 300 | |a 128 p | ||
| 942 | |c BK | ||
| 945 | |d 20071123 00:00:00 |a rbrito | ||
| 260 | |a Santiago |b Librotecnia |c 2007 | ||
| 650 | 0 | |a Comercio electrónico |9 428366 | |
| 650 | 0 | |a Derecho comercial |9 256340 | |
| 650 | 0 | |a Internet |9 254823 | |
| 650 | 7 | |a NOMBRES DE DOMINIO |2 CL-VaPUC |9 463538 | |
| 650 | 0 | |a Marcas comerciales |9 386702 | |
| 650 | 0 | |a Propiedad industrial |9 255086 | |
| 650 | 7 | |a RESOLUCION DE CONTROVERSIA |2 CL-VaPUC |9 525020 | |
| 583 | |a last modification |c 20071123 00:00:00 |k Rodrigo Vera | ||
| 999 | |c 327752 |d 327750 | ||
| 952 | |0 0 |1 0 |4 0 |6 343_099900000000000_MOR_2007 |7 0 |8 A |9 411149 |a BIBDER |b BIBDER |d 2019-11-22 |i 4389298 |o 343.0999 MOR 2007 |p 4389298 |r 2023-01-25 |w 2019-11-22 |y BK |k DER | ||